[Event "POHÁR města Říčany 2023"]
[Site "Městské kulturní středisko U labutě"]
[Date "2023.08.28"]
[Round "4.45"]
[White "Dejmek, Tomas"]
[Black "Pechanek, Krystof Jan"]
[Result "1-0"]
[WhiteElo "1626"]
[BlackElo "1493"]
[WhiteFideId "23719222"]
[BlackFideId "23719869"]
[PlyCount "0"]
[EventDate "2023.08.26"]

1. d4 Nf6 2. c4 g6 3. Nc3 Bg7 4. e4 d6 5. Bd3 O-O 6. f4 c5 7. d5 a6 8. Nf3 Bg4
9. O-O Nbd7 10. Bd2 Rb8 11. h3 Bxf3 12. Qxf3 Ne8 13. Rab1 Nc7 14. Qe2 Bd4+
15. Kh1 Qe8 16. g4 Nf6 17. f5 b5 18. Bh6 b4 19. Nd1 Qd7 20. Bxf8 Rxf8 21. Ne3
Kg7 22. Qf3 Qa4 23. h4 Qxa2 24. h5 Qb3 25. fxg6 hxg6 26. hxg6 Rh8+ 27. Kg2 Bxe3
28. Qxe3 Nxg4 29. Rxf7+ Kg8 30. Qf4 Ne5 31. Rf8+ Kg7 32. Rxh8 Qxd3 33. Qf8+ Kxg6
34. Rg8+ Kh5 35. Rh1+ 1-0

[Event "POHÁR města Říčany 2023"]
[Site "Městské kulturní středisko U labutě"]
[Date "2023.08.28"]
[Round "4.46"]
[White "Simak, Ivo"]
[Black "Borecky, Andrej"]
[Result "1-0"]
[WhiteElo "1575"]
[BlackElo "1394"]
[WhiteFideId "390879"]
[BlackFideId "23752670"]
[PlyCount "0"]
[EventDate "2023.08.26"]

1. c4 Nf6 2. e3 g6 3. Nc3 Bg7 4. d4 d6 5. h3 O-O 6. Nf3 c5 7. Bd3 e6 8. O-O
Nbd7 9. d5 exd5 10. cxd5 a6 11. e4 b5 12. Bf4 Qe7 13. Re1 Re8 14. Qd2 Qf8 15. e5
dxe5 16. Nxe5 Nxe5 17. Bxe5 Bb7 18. d6 Rxe5 19. Rxe5 Qxd6 20. Qe2 b4 21. Na4 Qc6
22. f3 Qxa4 23. Rxc5 Re8 24. Qf2 Nd5 25. Bc4 Ne3 26. Bxf7+ Kxf7 27. Rc7+ Kg8
28. Rxb7 Bd4 29. Qd2 Rd8 30. Rc1 Nc4+ 31. Qxd4 Rxd4 32. b3 Qa3 33. Re1 Nd6
34. Ra7 Qxa2 35. Ree7 Rd1+ 1-0